<?xml version="1.0" encoding="UTF-8"?>
<record
    xmlns:xsi="http://www.w3.org/2001/XMLSchema-instance"
    xsi:schemaLocation="http://www.loc.gov/MARC21/slim http://www.loc.gov/standards/marcxml/schema/MARC21slim.xsd"
    xmlns="http://www.loc.gov/MARC21/slim">

  <leader>00486nam a2200157Ia 4500</leader>
  <controlfield tag="008">230718s9999    xx            000 0 und d</controlfield>
  <datafield tag="041" ind1=" " ind2=" ">
    <subfield code="a">eng</subfield>
  </datafield>
  <datafield tag="082" ind1=" " ind2=" ">
    <subfield code="a">621.402'2</subfield>
    <subfield code="b">CHE</subfield>
  </datafield>
  <datafield tag="100" ind1=" " ind2=" ">
    <subfield code="a">Cheremisionff N.P.</subfield>
    <subfield code="9">145503</subfield>
  </datafield>
  <datafield tag="245" ind1=" " ind2=" ">
    <subfield code="a">Heat Transfer Handbook</subfield>
    <subfield code="b">Caclulations and guidelines for process and equipment design</subfield>
  </datafield>
  <datafield tag="260" ind1=" " ind2=" ">
    <subfield code="c">1999</subfield>
    <subfield code="b">Jaico Publishing House</subfield>
  </datafield>
  <datafield tag="300" ind1=" " ind2=" ">
    <subfield code="a">240</subfield>
  </datafield>
  <datafield tag="365" ind1=" " ind2=" ">
    <subfield code="c">Rs.</subfield>
    <subfield code="b">75.00</subfield>
  </datafield>
  <datafield tag="700" ind1=" " ind2=" ">
    <subfield code="a">Cheremisionff N.P.</subfield>
    <subfield code="9">145503</subfield>
  </datafield>
  <datafield tag="906" ind1=" " ind2=" ">
    <subfield code="d">B:179821-Jul-1999</subfield>
    <subfield code="c">ALLEDS</subfield>
    <subfield code="b">12</subfield>
  </datafield>
  <datafield tag="999" ind1=" " ind2=" ">
    <subfield code="c">299269</subfield>
    <subfield code="d">299269</subfield>
  </datafield>
  <datafield tag="952" ind1=" " ind2=" ">
    <subfield code="0">0</subfield>
    <subfield code="1">0</subfield>
    <subfield code="4">0</subfield>
    <subfield code="7">0</subfield>
    <subfield code="a">CCEP</subfield>
    <subfield code="b">CCEP</subfield>
    <subfield code="d">1999-09-02</subfield>
    <subfield code="e">Book Space</subfield>
    <subfield code="f">ALLEDS</subfield>
    <subfield code="g">63.00</subfield>
    <subfield code="i">1798</subfield>
    <subfield code="l">0</subfield>
    <subfield code="o">621.402'2</subfield>
    <subfield code="p">CCEP-BK-10475</subfield>
    <subfield code="r">2023-07-18 00:00:00</subfield>
    <subfield code="t">12</subfield>
    <subfield code="v">75.00</subfield>
    <subfield code="w">1999-07-21</subfield>
    <subfield code="y">BK</subfield>
    <subfield code="z">010475</subfield>
  </datafield>
</record>
